K nedožitým 70-tinám Prof. MVDr. Jána Lazara

Podrobná bibliografia
Hlavný autor: Jenčík, František, 1939- (Autor)
Médium: Článok
Jazyk:slovenčina
ISSN:1335-0099
Predmet:

MARC

LEADER 00000nab a2200000 a 4500
001 vtls000681394
003 SK-MaSNL
005 20260304095600.0
008 250425c1998 xo 0 slo
015 |a SNBRB1998/12-33449 
035 |a CLN000033561 
035 |a urn:nbn:sk:snk-abijw 
035 |a (urnnbn)urn:nbn:sk:snk:ar-a03sao 
035 |a (uuid)675945f0-eb96-4467-92bb-7926f413789a 
040 |a SNKBUCL  |b slo  |c SNKBUCL  |e AACR2 
041 0 |a slo 
044 |a xo  |c SK 
080 |a 619-051  |2 1997 
080 |a 378.124  |2 1997 
080 |a 929 Lazar, Ján  |2 1997 
100 1 |a Jenčík, František,  |d 1939-  |4 aut  |9 26837 
245 1 0 |a K nedožitým 70-tinám Prof. MVDr. Jána Lazara  |c F. Jenčík 
600 1 7 |a Lazar, Ján,  |d 1928-1993  |2 snkbucl  |9 222653 
655 7 |a články z novín a časopisov  |2 snkbucl  |9 267496 
773 0 |t Slovenský veterinársky časopis  |g Roč. 23, č. 5 (1998), s. 291  |x 1335-0099 
850 |a Slovenská národná knižnica 
852 |a Slovenská národná knižnica 
954 |a odborná, vedecká literatúra pôvodná (slovenská)  |2 lita 
958 |a article27 
958 |a BX 
958 |a SK 
958 |a OND 
958 |a EUIPO 
992 |a RBX 
999 |c 2833560  |d 2835490